01394nam a22003254a 4500001001200000003000800012006001900020007001500039008004100054010001700095020003500112040002100147035002000168050002500188082002200213245011000235260005100345300001800396500010400414504004100518533015200559630004200711650004700753650005300800655002900853700002800882710001700910856012600927999001501053ebr10022457CaPaEBRm u cr cn|||||||||011227s2002 nyua sb 000 0 eng  z 2001056809 z1853595969 (pbk. : alk. paper) aCaPaEBRcCaPaEBR a(OCoLC)7075543014aLB1555b.T383 2002eb04a372.1102/094222100aTeaching for understanding across the primary curriculumh[electronic resource] /cedited by Lynn Newton. aBuffalo, N.Y. :bMultilingual Matters,cc2002. a90 p. :bill. a"Also available as vol. 15, no. 3 of the journal Evaluation and Research in education"--T.p. verso. aIncludes bibliographical references. aElectronic reproduction.bPalo Alto, Calif. :cebrary,d2013.nAvailable via World Wide Web.nAccess may be limited to ebrary affiliated libraries.00aEvaluation and research in education. 0aElementary school teachingzGreat Britain. 0aEducation, ElementaryzGreat BritainxCurricula. 7aElectronic books.2local1 aNewton, Lynn D.,d1953-2 aebrary, Inc.40uhttp://site.ebrary.com/lib/rucke/Doc?id=10022457zAn electronic book accessible through the World Wide Web; click to view c9415d9415